000 00456cam a22001694a 4500
020 _a0072397462 (acidfree paper)
040 _cDLC
082 0 0 _a547 HIL 2006 A027 Or.
100 1 _aSmith, Janice G.
245 1 0 _aOrganic chemistry /
250 _a1st ed.
260 _aBoston :
_bMcGraw-Hill,
_cc2006.
300 _axxxiv, 1048, A-17, G-19, C-2, I-30 p. :
_bill. ;
_c29 cm.
500 _aIncludes index.
650 0 _aChemistry, Organic.
942 _cEK
999 _c13508
_d13508